Statistics for Clueless #14

Click here to take the quiz!

General Stats

  • This quiz has been taken 840 times
    (539 since last reset)
  • The average score is 90 of 270

Answer Stats

Word% Correct
       I        
97%
       me       
97%
       my       
97%
       A        
96%
       a        
96%
       an       
96%
      the      
94%
      are      
88%
      are.      
88%
      are,      
88%
       is       
88%
      was      
88%
      into      
87%
     we've      
86%
     You'll     
86%
     you'll     
86%
     you're     
86%
      him      
83%
      his      
83%
      it's      
83%
     being      
82%
     don't      
82%
      been      
82%
       be       
82%
      You      
82%
      you      
82%
      your      
82%
    yourself    
82%
   ourselves    
81%
       to       
80%
       To       
80%
       we       
80%
       We       
80%
      our      
80%
     within     
80%
      and      
78%
       in       
77%
       In       
77%
       on       
77%
       On       
77%
     going      
76%
     doing.     
75%
     doing      
75%
      do,      
75%
      What      
72%
      what      
72%
     person     
71%
      They      
70%
     them.      
70%
      1990      
69%
    hundred    
69%
    million    
69%
      one      
69%
     three      
69%
       it       
67%
       of       
66%
    Someone    
66%
      for      
65%
      for,      
65%
      who      
65%
      that      
64%
     that,      
64%
     those      
64%
     where      
64%
     having     
62%
      have      
62%
     There      
61%
     there      
61%
      can      
60%
      not,      
60%
      not      
60%
      will      
58%
   everything   
57%
      this      
57%
       if       
53%
   lifetime.    
51%
     life,      
51%
     life's     
51%
     lives,     
51%
     living     
51%
      life      
51%
      live      
51%
     thing,     
50%
     things     
50%
      time      
49%
      good      
48%
      all      
47%
      But      
47%
      but      
47%
      want      
47%
     wanted     
47%
      ways      
46%
     ways,      
46%
     would      
46%
     years      
45%
       as       
44%
     Think      
44%
     think      
44%
   thoughts.    
44%
       or       
42%
      out,      
42%
      out      
42%
     takes      
42%
      from      
41%
      some      
41%
      tell      
39%
      told      
39%
     about.     
38%
     about      
38%
      with      
38%
      With      
38%
     world      
38%
      also      
37%
       up       
37%
      hear      
36%
    another.    
33%
       by       
33%
      own      
33%
     other      
33%
     never      
32%
      Many      
31%
      many      
31%
    American    
30%
      now.      
30%
      work      
30%
     work,      
30%
     found      
29%
      find      
29%
      over      
29%
    because    
28%
      off      
28%
     needs,     
27%
      Bill      
25%
    happier    
25%
     happy      
25%
      only      
24%
   Watterson    
22%
      any      
22%
     words,     
22%
     Kenyon     
21%
    children    
20%
      care      
20%
     hated      
19%
     stand      
19%
      job      
18%
      job.      
18%
    fighting    
16%
      keep      
16%
    meaning    
15%
     asked      
15%
      home      
15%
      old      
15%
     kinds      
14%
      kind      
14%
      turn      
14%
    school,    
14%
    starting    
14%
    College    
13%
    actions.    
12%
     easy,      
12%
      easy      
12%
      soul      
12%
     parts      
12%
   different    
11%
   understood   
11%
    desires    
10%
    graduate    
10%
     desire     
10%
     expect     
10%
      law      
10%
      stay      
10%
      each      
9%
      sell      
9%
    Creating    
8%
    dilemmas    
8%
    medical    
8%
      top      
8%
     still      
8%
     worth.     
8%
     define     
7%
     guess,     
7%
     Sooner     
7%
   satisfies    
7%
  potential --  
7%
  achievement.  
6%
   business,    
6%
   decision,    
6%
    allowed,    
6%
    business    
6%
     allow      
6%
     career     
6%
     later,     
6%
      pay      
6%
  Commencement  
5%
   imaginary    
5%
   interests    
5%
     human      
5%
      both      
5%
     values     
5%
    personal    
5%
    discover    
4%
     comic      
4%
     debts      
4%
      Such      
4%
     order      
4%
     pursue     
4%
     raise      
4%
     strip      
4%
    trouble.    
4%
  unfulfilled.  
4%
   characters   
3%
   climbing,    
3%
   considered   
3%
   guarantee    
3%
    measures    
3%
     empty      
3%
     ladder     
3%
     luck,      
3%
      rare      
3%
      rise      
3%
     salary     
3%
     terms,     
3%
    reflects    
3%
    success.    
3%
   eccentric,   
2%
   expressed    
2%
    actually    
2%
    affords    
2%
    Ambition    
2%
    avarice    
2%
    culture    
2%
    deprive    
2%
    ethical    
2%
     flake.     
2%
     invent     
2%
      sole      
2%
     offer      
2%
     subtle     
2%
    promotes    
2%
    robotic    
2%
    t-shirt    
2%
    usually    
2%
   passively    
2%
   recognize    
2%
   satisfied    
2%
   syndicate    
2%
   television   
2%
  relentlessly  
2%
  undemanding  
2%
 professional.  
2%
  calculated,  
1%
  conscience.  
1%
   activities   
1%
   compromise   
1%
   discussion   
1%
   hucksters    
1%
    abandons    
1%
    enviable    
1%
     excess     
1%
     mutes      
1%
     profit     
1%
     title      
1%
    obscene    
1%
    refusal    
1%
    refuse,    
1%
    refuse.    
1%
    tuition    
1%
   sloganeers   
1%
  subversive.  
1%
 Unfortunately, 
1%

Score Distribution

Percentile by Number Answered

Percent of People with Each Score

Your Score History

You have not taken this quiz since the last reset